La macro aula y la música
Este libro cuenta las peripecias de esta original metodología de la educación estética musical ensayada, con escasos recursos pero con voluntad eficaz, durante cerca de tres años.
Na minha lista:
| Autor principal: | |
|---|---|
| Formato: | Livro |
| Idioma: | Spanish |
| Publicado em: |
Bogotá:
educación artistística,
2000
|
| Assuntos: | |
| Acesso em linha: | Enlace del recurso |
| Tags: |
Adicionar Tag
Sem tags, seja o primeiro a adicionar uma tag!
|
MARC
| LEADER | 00000nam a2200000 a 4500 | ||
|---|---|---|---|
| 001 | 001103 | ||
| 008 | 030611s2000 ck a fr# #000|0#spa#d | ||
| 020 | |a 958-331767-5 | ||
| 041 | 0 | |a spa | |
| 043 | |a s-ck--- | ||
| 100 | 1 | |a Garavito, Pedro | |
| 245 | 1 | 3 | |a La macro aula y la música |c Pedro Garavito |
| 260 | |a Bogotá: |b educación artistística, |c 2000 | ||
| 300 | |a 369 p.: |b il., gráf. | ||
| 504 | |a Incluye bibliografía. | ||
| 520 | 3 | |a Este libro cuenta las peripecias de esta original metodología de la educación estética musical ensayada, con escasos recursos pero con voluntad eficaz, durante cerca de tres años. | |
| 650 | 1 | 4 | |a MÚSICA |x ENSEÑANZA |z COLOMBIA |
| 999 | |c 3255 |d 3255 | ||
| 856 | |u https://catalogo.idep.edu.co/cgi-bin/koha/opac-detail.pl?biblionumber=3255 |z Enlace del recurso | ||